| 000 | 00782nam a2200253 a 4500 | ||
|---|---|---|---|
| 001 | 64251 | ||
| 003 | BD-RjUL | ||
| 005 | 20211209081303.0 | ||
| 008 | 170212r1984 ii ||||| |||| 001 0 eng d | ||
| 020 | _a0706926536 | ||
| 035 | _a(BD-RjUL)64381 | ||
| 040 |
_aBD-RjUL _beng _cBD-RjUL _dBD-RjUL |
||
| 041 | _aeng | ||
| 082 |
_223 _a954.042 _bNEI 1984 |
||
| 100 | 1 |
_aNehru, Jawaharlal _9190814 |
|
| 245 |
_aIndia's independence and social revolution / _cJawaharlal Nehru; Indira Gandhi |
||
| 260 |
_aNew Delhi : _bVikas, _c1984. |
||
| 300 |
_a162 p. : _bill. ; _c23 cm |
||
| 500 | _aIncludes index | ||
| 600 |
_aNehru, Jawaharlal, _d1889-1964 _9172603 |
||
| 651 |
_aIndia _xPolitics and government _y 20th century. _9176345 |
||
| 700 |
_aGandhi, Indira _9183395 |
||
| 942 |
_2ddc _cBK |
||
| 999 |
_c64251 _d64251 |
||